[Event "ESP-ch U14"]
[Site "Salobrena"]
[Date "2023.07.18"]
[Round "3"]
[White "Rojas Fernandez, Antonio"]
[Black "Etayo Delgado, Asier"]
[Result "1-0"]
[WhiteElo "1763"]
[BlackElo "1278"]
[PlyCount "99"]
[EventDate "2023.07.17"]
[EventType "swiss"]
[EventRounds "9"]
[EventCountry "ESP"]
[SourceTitle "EXT 2024"]
[Source "ChessBase"]
[SourceDate "2023.10.10"]
[SourceVersion "1"]
[SourceVersionDate "2023.10.10"]
[SourceQuality "1"]

1. e4 e5 2. Nf3 Nc6 3. Bc4 Bc5 4. c3 Nf6 5. d3 h6 6. a4 a6 7. b4 Bb6 8. 0-0 0-0 9. Nbd2 d6 10. h3 Be6 11. Re1 Qd7 12. Bb3 Kh8 13. Nf1 Nh7 14. Ng3 Rfe8 15. Be3 Bxe3 16. fxe3 d5 17. exd5 Bxd5 18. Bxd5 Qxd5 19. e4 Qd7 20. Qe2 f6 21. Nh4 Ng5 22. Nhf5 Ne7 23. a5 Ne6 24. Nxe7 Nf4 25. Qf3 Rxe7 26. Rad1 Rf8 27. d4 Qc6 28. d5 Qc4 29. Re3 Rd7 30. Ne2 Nxe2+ 31. Qxe2 Qxe2 32. Rxe2 Rd6 33. g4 b6 34. axb6 cxb6 35. c4 Rc8 36. Rc2 g6 37. c5 Rd7 38. c6 Rd6 39. Kf2 b5 40. Ra1 Ra8 41. Rca2 Rc8 42. Rxa6 f5 43. Ra8 Rdd8 44. Rxc8 Rxc8 45. gxf5 gxf5 46. exf5 Rc7 47. Rd1 Kg7 48. d6 Rxc6 49. d7 Rc2+ 50. Kg1 1-0

[Event "ESP-ch U12"]
[Site "Salobrena"]
[Date "2022.07.11"]
[Round "2"]
[White "Lazaro Del Arco, Martina"]
[Black "Etayo Delgado, Asier"]
[Result "1-0"]
[WhiteElo "1545"]
[BlackElo "1159"]
[PlyCount "93"]
[EventDate "2022.07.04"]
[EventType "swiss"]
[EventRounds "9"]
[EventCountry "ESP"]
[SourceTitle "EXT 2023"]
[Source "ChessBase"]
[SourceDate "2022.10.05"]
[SourceVersion "1"]
[SourceVersionDate "2022.10.05"]
[SourceQuality "1"]

1. e4 e5 2. Nf3 Nc6 3. Bc4 Nf6 4. d3 Bc5 5. c3 d5 6. exd5 Nxd5 7. Qb3 Nf4 8. Bxf4 exf4 9. 0-0 0-0 10. Qd1 Bg4 11. h3 Bh5 12. d4 Bd6 13. Nbd2 Re8 14. Bd3 Ne7 15. Qb3 Qc8 16. Rfe1 h6 17. Qb5 c5 18. dxc5 Qxc5 19. Ne4 Qxb5 20. Bxb5 Red8 21. Nxd6 Bxf3 22. gxf3 Rxd6 23. Rxe7 Rg6+ 24. Kf1 Rg5 25. Bc4 Rf5 26. Rxb7 Rc8 27. Bb3 Rd8 28. Rd1 Rxd1+ 29. Bxd1 Rd5 30. Bb3 Rd2 31. Rxf7 Rxb2 32. Rxf4+ Rxb3 33. axb3 g5 34. Re4 Kf7 35. c4 h5 36. c5 g4 37. hxg4 h4 38. c6 h3 39. c7 h2 40. Kg2 h1Q+ 41. Kxh1 a5 42. c8Q a4 43. Rxa4 Kg6 44. Ra5 Kh6 45. Qc6+ Kg7 46. Ra7+ Kh8 47. Qc8# 1-0

[Event "ESP-ch U10"]
[Site "Salobrena"]
[Date "2020.07.20"]
[Round "1"]
[White "Prada Villagrasa, Pau Manel"]
[Black "Etayo Delgado, Asier"]
[Result "0-1"]
[WhiteElo "1632"]
[BlackElo "1071"]
[PlyCount "56"]
[EventDate "2020.07.20"]
[EventType "swiss"]
[EventRounds "9"]
[EventCountry "ESP"]
[SourceTitle "EXT 2021"]
[Source "ChessBase"]
[SourceDate "2020.10.23"]
[SourceVersion "1"]
[SourceVersionDate "2020.10.23"]
[SourceQuality "1"]

1. e4 e5 2. Nf3 Nc6 3. Nc3 Nf6 4. d4 d6 5. dxe5 Nxe5 6. Nxe5 dxe5 7. Qxd8+ Kxd8 8. Bc4 Bb4 9. Bg5 Bxc3+ 10. bxc3 Ke8 11. f3 Nd7 12. Rd1 f6 13. Be3 Nb6 14. Bb3 c6 15. 0-0 Bd7 16. Rd2 Rd8 17. Rfd1 Nc8 18. Be6 Ke7 19. Bc5+ Kxe6 20. g3 b6 21. Bf2 Ke7 22. f4 Bg4 23. Rxd8 Rxd8 24. Rxd8 Kxd8 25. fxe5 fxe5 26. Kg2 Nd6 27. h3 Be6 28. Kf3 Bxa2 0-1